000
00289nam a2200133Ia 4500
100
_a
Levinson/N/ Redheffer
942
_c
BK
654
_a
variables
245
_a
Complex variables
260
_b
McGraw Hill
_a
New Delhi
_c
1980
082
_a
515.9
_b
LEV
300
_a
415
546
_a
ENGLISH
999
_c
30466
_d
30466